000
00349pam a2200157a 44500
008
230515b1900 xxu||||| |||| 00| 0 eng d
020
_a
NULL
041
_a
MARATHI
082
_a
1
100
_a
PARNJAPE
245
_a
SANJIVAN CHIKITSA PADHATI
250
_a
1
260
_a
_b
NULL
_c
1900
300
_a
20O
650
_a
SANJIVAN CHIKITSA PADHATI
999
_c
497030
_d
497030